| 000 | 00691nam a2200217 i 4500 | ||
|---|---|---|---|
| 001 | 133479 | ||
| 003 | ES-MaACL | ||
| 005 | 20250808062536.0 | ||
| 007 | t| | ||
| 008 | 070816s1956 sp ||||1| spa d | ||
| 100 | 1 |
_aDe Wohl, Louis. _943085 |
|
| 245 | 1 | 0 |
_aRefulgencia serena _b: novela / _cLouis de Wohl ; versión castellana de Erich Hankammer ; supervisión por Ana María Arranz Carabias. |
| 260 |
_aSan Sebastián : _bDinor, _c1956. |
||
| 300 |
_a365 p. ; _c20 cm. |
||
| 490 | 1 | _aPrisma | |
| 700 | 1 |
_aHankammer, Erich. _961728 |
|
| 700 | 1 |
_aArranz Carabias, Ana María. _923222 |
|
| 830 | 0 | 0 |
_aPrisma _9180749 |
| 852 |
_aES-MaACL _jC-11786 _bR.39495 |
||
| 999 |
_c133479 _d133479 |
||